000 00261nam a22001217a 4500
008 181122b xxu||||| |||| 00| 0 eng d
041 _aeng
080 _a316
100 _a50
101 _aSOC
245 _aFormules For Profit
_c Bennett.H
942 _2udc
_cBK
999 _c52414
_d52414